Electrical load-curve coverage

Na minha lista:
Detalhes bibliográficos
Autor Corporativo: United Nations, Economic Commission for Europe (Author)
Formato: Livro
Idioma:inglês
Publicado em: Oxford Pergamon 1979
Oxford ONU 1979
Assuntos:
Tags: Adicionar Tag
Sem tags, seja o primeiro a adicionar uma tag!

MARC

LEADER 00000nam a2200000 a 4500
001 UCU5242
003 CL-VaPUC
005 20211120074428.0
008 960531e19790000uk 1 eng d
044 |a uk  |2 marc 
044 |a uk  |2 marc 
082 0 4 |a 621.31  |b UNI  |2 21 
110 2 |a United Nations, Economic Commission for Europe  |e author  |9 617802 
245 1 0 |a Electrical load-curve coverage 
260 |a Oxford  |b Pergamon  |c 1979 
260 |a Oxford  |b ONU  |c 1979 
300 |a 546 p 
583 |a last modification  |c 20171204 04:40:44  |k Rodrigo Vera 
650 0 0 |a Electricidad  |9 260222 
650 0 0 |a Energía eléctrica  |9 256678 
650 0 0 |a Generación de energía eléctrica  |9 345677 
650 0 7 |a GENERACION DE ENERGIA  |2 CL-VaPUC  |9 617803 
650 0 7 |a TECNOLOGIA ENERGETICA  |2 CL-VaPUC  |9 360691 
942 |c BK 
945 |a paguirre  |d 19960531 00:00:00 
546 |a En Inglés 
536 |a Committee on Electric Power 
536 |a United Nations, Economic Commission for Europe 
518 |p Symposium on Load Curve Coverage in Future Electric Power Generating Systems, Roma, 24 al 28 de Octubre de 1977 
999 |c 382652  |d 382650 
952 |0 0  |1 0  |4 0  |6 621_310000000000000_UNI_1979  |7 0  |8 A  |9 504458  |a BIBING  |b BIBING  |d 2020-01-23  |i 1671278  |o 621.31 UNI 1979  |p 1671278  |r 2025-01-20  |w 2020-01-23  |y BK  |k EIE